|
|
|
|
| LEADER |
00000nam0a2200000 4500 |
| 001 |
92927 |
| 005 |
20231031104922.0 |
| 035 |
|
|
|a (RuTPU)RU\TPU\book\99533
|
| 090 |
|
|
|a 92927
|
| 100 |
|
|
|a 20060322d1967 k y0rusy50 ca
|
| 101 |
0 |
|
|a rus
|
| 102 |
|
|
|a RU
|
| 105 |
|
|
|a a dm 001zy
|
| 200 |
1 |
|
|a Исследование температурного режима и тепловых процессов в солнечной теплице
|e автореферат диссертации на соискание ученой степени кандидата технических наук
|f Т. Садыков
|
| 210 |
|
|
|a Ашхабад
|d 1967
|
| 215 |
|
|
|a 23 с.
|c ил.
|
| 320 |
|
|
|a Библиогр.: с. 22
|
| 610 |
1 |
|
|a физика
|
| 610 |
1 |
|
|a температурный режим
|
| 610 |
1 |
|
|a тепловые процессы
|
| 610 |
1 |
|
|a исследования
|
| 675 |
|
|
|a 536
|v 3
|
| 700 |
|
1 |
|a Садыков
|b Т.
|g Турсун
|
| 712 |
0 |
2 |
|a Академия наук Туркменской ССР (АН ТуркССР)
|b Физико-технический институт (ФТИ)
|2 stltpush
|3 (RuTPU)RU\TPU\col\15722
|
| 801 |
|
1 |
|a RU
|b 63413507
|c 20060322
|g PSBO
|
| 801 |
|
2 |
|a RU
|b 63413507
|c 20191105
|g PSBO
|
| 942 |
|
|
|c BK
|